Statistics for Famous Companies Founded in Colorado

Click here to take the quiz!

General Stats

  • This quiz has been taken 241 times
  • The average score is 6 of 10

Answer Stats

Hint Answer % Correct
Founded in 1873 in Golden; the third largest brewer in the United States and the fifth largest in the world; renowned for operating the largest single brewery facility in the worldCoors
97%
Founded in 1981 in Denver; specializes in offering toasted subs; is the second largest sandwich shop chain in North AmericaQuiznos
78%
Founded in 1993 in Denver; a chain of restaurants located in the United States, United Kingdom, Canada, and France; the Mexican Spanish name for a smoked and dried jalapeño chili pepperChipotle Mexican Grill
75%
Founded in 1928 in Denver; currently owns the corporate naming rights to the mile high stadium in Denver, Colorado, home of the Denver Broncos, previously known as Invesco FieldSports Authority
70%
Founded in 1994 in Denver; "a whole different animal" is the slogan; Jack the rabbit, Grizwald the bear, Foxy the fox, Flip the dolphin, and Larry the lynx are examples ofFrontier Airlines
58%
Founded in 1995 in Cherry Creek; is a chain of fast casual restaurants located in parts of the United States specializing in popular pasta bowls inspired from worldwide cuisineNoodles & Company
52%
Founded in 1969 in Boulder; specializes in herbal teas; all teas are certified kosher and all-natural, and many are certified organic as well; Sleepytime, Red Zinger, and Morning Thunder are examples ofCelestial Seasonings
49%
Founded in 1995 in Golden; their "darn good coffee" and "anything but routine" breakfast bagels keep customers coming back to their over 700 locations in the United StatesEinstein Bros. Bagels
45%
Founded in 1995 in Denver; owned by Jack in the Box; a chain of fast casual Mexican-style cuisine; also a rival of the jalapeño chili pepperQdoba Mexican Grill
45%
Founded in 1996 in Englewood; is an American satellite broadcaster, providing direct broadcast satellite service to over 14 million commercial and residential customers in the United StatesDish Network
34%

Score Distribution

Percentile by Number Answered

Percent of People with Each Score

Your Score History

You have not taken this quiz